[Event "Varese op 19th"]
[Site "Varese"]
[Date "2022.10.08"]
[Round "2"]
[White "Soncin, Denis"]
[Black "Centofante, Maria Rosa"]
[Result "1-0"]
[WhiteElo "1971"]
[BlackElo "1409"]
[PlyCount "47"]
[EventDate "2022.10.07"]
[EventType "swiss"]
[EventRounds "5"]
[EventCountry "ITA"]
[SourceTitle "EXT 2024"]
[Source "ChessBase"]
[SourceDate "2023.10.10"]
[SourceVersion "1"]
[SourceVersionDate "2023.10.10"]
[SourceQuality "1"]

1. e4 d5 2. exd5 Qxd5 3. Nc3 Qa5 4. d4 Nf6 5. Bc4 c6 6. Nf3 Bg4 7. h3 Bh5 8. g4 Bg6 9. Bd2 Qc7 10. Ne5 e6 11. Nxg6 hxg6 12. Qe2 Bd6 13. Ne4 Bf4 14. 0-0-0 Bxd2+ 15. Rxd2 Qf4 16. Nxf6+ Qxf6 17. d5 e5 18. f4 Nd7 19. fxe5 Qxe5 20. dxc6 bxc6 21. Qf3 Qf6 22. Re1+ Kd8 23. Qxf6+ gxf6 24. Red1 1-0

[Event "Robecchetto op 33rd"]
[Site "Robecchetto"]
[Date "2021.12.27"]
[Round "2"]
[White "Soncin, Denis"]
[Black "Volpi, Davide"]
[Result "1-0"]
[WhiteElo "1959"]
[BlackElo "1992"]
[PlyCount "53"]
[EventDate "2021.12.26"]
[EventType "swiss"]
[EventRounds "7"]
[EventCountry "ITA"]
[SourceTitle "EXT 2023"]
[Source "ChessBase"]
[SourceDate "2022.10.05"]
[SourceVersion "1"]
[SourceVersionDate "2022.10.05"]
[SourceQuality "1"]

1. e4 d6 2. d4 Nf6 3. Nc3 e5 4. Nf3 Nbd7 5. Bc4 Be7 6. Bxf7+ Kxf7 7. Ng5+ Kg8 8. Ne6 Qe8 9. Nxc7 Qd8 10. Nxa8 exd4 11. Qxd4 Nc5 12. b4 Na6 13. a3 b6 14. Qc4+ Kf8 15. Qc6 Nd7 16. Bf4 Ndb8 17. Qd5 Qd7 18. Nxb6 axb6 19. Rd1 Nc7 20. Qd2 Ne6 21. 0-0 Bb7 22. f3 h6 23. Nd5 Bxd5 24. Qxd5 Na6 25. c4 Nac7 26. Qb7 b5 27. c5 1-0

[Event "ITA-ch semiblitz"]
[Site "Chianciano Terme"]
[Date "2018.04.02"]
[Round "1"]
[White "Soncin, Denis"]
[Black "Efimov, Igor"]
[Result "0-1"]
[WhiteElo "1987"]
[BlackElo "2401"]
[PlyCount "50"]
[EventDate "2018.04.02"]
[EventType "swiss (rapid)"]
[EventRounds "9"]
[EventCountry "ITA"]
[SourceTitle "CBM 183 Extra"]
[Source "ChessBase"]
[SourceDate "2018.04.19"]
[SourceVersion "1"]
[SourceVersionDate "2018.04.19"]
[SourceQuality "1"]

1. e4 c5 2. d3 Nc6 3. g3 g6 4. Bg2 Bg7 5. c3 Nf6 6. Nf3 0-0 7. 0-0 d6 8. Nbd2 Rb8 9. Re1 b5 10. Nf1 b4 11. Bd2 bxc3 12. Bxc3 Nd7 13. Bxg7 Kxg7 14. Qd2 Ba6 15. Ne3 Qa5 16. Red1 Qxd2 17. Rxd2 Nd4 18. Nc4 Bxc4 19. dxc4 e5 20. Ne1 a5 21. b3 a4 22. bxa4 Rb4 23. Nc2 Rxc4 24. Ne3 Rxa4 25. Nd5 Nb3 0-1

[Event "Robecchetto op-A 25th"]
[Site "Robecchetto"]
[Date "2014.12.27"]
[Round "3"]
[White "Pirrello, Christian"]
[Black "Soncin, Denis"]
[Result "1/2-1/2"]
[WhiteElo "1862"]
[BlackElo "2034"]
[PlyCount "77"]
[EventDate "2014.12.26"]
[EventType "swiss"]
[EventRounds "6"]
[EventCountry "ITA"]
[SourceTitle "EXT 2017"]
[Source "ChessBase"]
[SourceDate "2016.10.25"]
[SourceVersion "1"]
[SourceVersionDate "2016.10.25"]
[SourceQuality "1"]

1. d4 Nf6 2. c4 g6 3. f3 d5 4. cxd5 Nxd5 5. e4 Nb6 6. Be3 Bg7 7. Nc3 0-0 8. Qd2 c6 9. Nge2 Nc4 10. Qc1 Nxe3 11. Qxe3 Qb6 12. 0-0-0 e5 13. Qg1 exd4 14. Nxd4 Rd8 15. Nb3 Rxd1+ 16. Nxd1 Be6 17. Qxb6 axb6 18. Kb1 Na6 19. Bxa6 bxa6 20. Nc3 Rd8 21. Kc2 Kf8 22. Na4 Bxb3+ 23. axb3 Bd4 24. Rd1 Ke7 25. Nc3 Rd6 26. Ne2 Bf2 27. Rxd6 Kxd6 28. Nf4 Bg1 29. h3 a5 30. Nd3 Bd4 31. Kd2 b5 32. Kc2 g5 33. Kd2 h5 34. g4 h4 35. Kc2 c5 36. Ne1 Ke6 37. Nd3 Kd6 38. Nc1 Ke5 39. Nd3+ 1/2-1/2

[Event "Robecchetto op-A 25th"]
[Site "Robecchetto"]
[Date "2014.12.27"]
[Round "2"]
[White "Soncin, Denis"]
[Black "Vitale, Alessandro"]
[Result "0-1"]
[WhiteElo "2034"]
[BlackElo "1882"]
[PlyCount "76"]
[EventDate "2014.12.26"]
[EventType "swiss"]
[EventRounds "6"]
[EventCountry "ITA"]
[SourceTitle "EXT 2017"]
[Source "ChessBase"]
[SourceDate "2016.10.25"]
[SourceVersion "1"]
[SourceVersionDate "2016.10.25"]
[SourceQuality "1"]

1. e4 e5 2. Bc4 Nf6 3. d4 exd4 4. Nf3 Bc5 5. 0-0 Nxe4 6. b4 Be7 7. Qxd4 Nf6 8. Re1 d5 9. Bd3 h6 10. Nc3 Nc6 11. Qf4 Be6 12. Nb5 Bd6 13. Nxd6+ Qxd6 14. b5 Nd8 15. Qxd6 cxd6 16. Nd4 Kd7 17. f4 g6 18. Bb2 Re8 19. Nxe6 Rxe6 20. Rxe6 Kxe6 21. Re1+ Ne4 22. c4 f5 23. cxd5+ Kxd5 24. Rc1 Ke6 25. Rc7 Nf7 26. Rxb7 Nc5 27. Bc4+ d5 28. Bxd5+ Kxd5 29. Rxf7 Nd3 30. Bg7 h5 31. Rd7+ Ke4 32. g3 Rc8 33. Kf1 Rc2 34. Kg1 Rd2 35. Rd4+ Kf3 36. Rxd3+ Rxd3 37. h4 Rd2 38. a4 Ra2 0-1

[Event "Robecchetto op-A 24th"]
[Site "Robecchetto"]
[Date "2013.12.29"]
[Round "5"]
[White "Coppola, Federico"]
[Black "Soncin, Denis"]
[Result "0-1"]
[WhiteElo "1988"]
[BlackElo "2041"]
[PlyCount "76"]
[EventDate "2013.12.27"]
[EventType "swiss"]
[EventRounds "6"]
[EventCountry "ITA"]
[SourceTitle "EXT 2015"]
[Source "ChessBase"]
[SourceDate "2014.11.20"]
[SourceVersion "1"]
[SourceVersionDate "2014.11.20"]
[SourceQuality "1"]

1. Nf3 c5 2. c4 Nf6 3. Nc3 g6 4. g3 Bg7 5. Bg2 0-0 6. d4 cxd4 7. Nxd4 Nc6 8. 0-0 Qb6 9. e3 a6 10. b3 d6 11. Bb2 Bd7 12. Qd2 Bh6 13. Nd5 Nxd5 14. cxd5 Ne5 15. f4 Ng4 16. h3 Nf6 17. e4 e5 18. dxe6 fxe6 19. Kh2 e5 20. Ne2 Bb5 21. a4 exf4 22. gxf4 Bxe2 23. Qxe2 Qxb3 24. Ra3 Qe6 25. f5 gxf5 26. Rxf5 Rf7 27. Rg3+ Kf8 28. Rgf3 Bg7 29. Qf2 Ke7 30. e5 dxe5 31. Qc5+ Ke8 32. Bxe5 Ne4 33. Rxf7 Bxe5+ 34. Qxe5 Qxe5+ 35. Kg1 Qa1+ 36. Kh2 Qe5+ 37. Kg1 Qd4+ 38. Kh2 Ng5 0-1

[Event "Torino Svolta op 2nd"]
[Site "Torino"]
[Date "2001.06.03"]
[Round "9"]
[White "Pepino, Enrico"]
[Black "Soncin, Denis"]
[Result "1/2-1/2"]
[WhiteElo "1858"]
[BlackElo "2086"]
[PlyCount "57"]
[EventDate "2001.05.26"]
[EventType "swiss"]
[EventRounds "9"]
[EventCountry "ITA"]
[SourceTitle "EXT 2024"]
[Source "ChessBase"]
[SourceDate "2023.10.10"]
[SourceVersion "1"]
[SourceVersionDate "2023.10.10"]
[SourceQuality "1"]

1. e4 c5 2. Nf3 d6 3. d4 cxd4 4. Nxd4 Nf6 5. Nc3 e6 6. Be3 Be7 7. f3 a6 8. Qd2 Nc6 9. 0-0-0 Qc7 10. g4 b5 11. h4 Bb7 12. g5 Nh5 13. Bh3 g6 14. Bg4 Ne5 15. Bxh5 Nc4 16. Qd3 Nxe3 17. Qxe3 gxh5 18. f4 b4 19. Nce2 Rc8 20. Rd2 Qc4 21. Kb1 e5 22. Nf5 Qxe4 23. Qxe4 Bxe4 24. Nxe7 Kxe7 25. Re1 Bg6 26. Ng3 Ke6 27. f5+ Bxf5 28. Nxf5 Kxf5 29. Rxd6 1/2-1/2

[Event "Torino Svolta op 2nd"]
[Site "Torino"]
[Date "2001.05.30"]
[Round "5"]
[White "Soncin, Denis"]
[Black "Drazic, Sinisa"]
[Result "0-1"]
[WhiteElo "2086"]
[BlackElo "2490"]
[PlyCount "51"]
[EventDate "2001.05.26"]
[EventType "swiss"]
[EventRounds "9"]
[EventCountry "ITA"]
[SourceTitle "EXT 2024"]
[Source "ChessBase"]
[SourceDate "2023.10.10"]
[SourceVersion "1"]
[SourceVersionDate "2023.10.10"]
[SourceQuality "1"]

1. e4 g6 2. d4 d6 3. Nc3 Bg7 4. Nf3 a6 5. a4 Nf6 6. Be2 0-0 7. 0-0 b6 8. Re1 Bb7 9. Bf1 e6 10. Bd2 h6 11. Qc1 Kh7 12. Bd3 Nc6 13. Nd1 a5 14. c3 e5 15. d5 Ne7 16. b4 Nh5 17. bxa5 Rxa5 18. c4 Nf4 19. Nb2 Ra7 20. a5 bxa5 21. Bxa5 Qd7 22. Qd2 Nxg2 23. Kxg2 Qg4+ 24. Kf1 Qxf3 25. Qe3 Qxe3 26. fxe3 0-1

[Event "Torino Svolta op 2nd"]
[Site "Torino"]
[Date "2001.05.26"]
[Round "1"]
[White "Soncin, Denis"]
[Black "Sarno, Spartaco"]
[Result "0-1"]
[WhiteElo "2086"]
[BlackElo "2407"]
[PlyCount "42"]
[EventDate "2001.05.26"]
[EventType "swiss"]
[EventRounds "9"]
[EventCountry "ITA"]
[SourceTitle "EXT 2024"]
[Source "ChessBase"]
[SourceDate "2023.10.10"]
[SourceVersion "1"]
[SourceVersionDate "2023.10.10"]
[SourceQuality "1"]

1. e4 d6 2. d4 Nf6 3. Nc3 g6 4. Nf3 Bg7 5. Be2 0-0 6. 0-0 c6 7. Be3 b5 8. e5 Ne8 9. Qd2 Nd7 10. Bf4 dxe5 11. dxe5 Nc7 12. Rad1 Ne6 13. Rfe1 Qc7 14. Bg3 Rd8 15. Qe3 Bb7 16. Bf1 a6 17. Bh4 Ndf8 18. Ne4 c5 19. c4 b4 20. Bg3 Qc6 21. Bh4 Rxd1 0-1

[Event "Turin op"]
[Site "Turin"]
[Date "2000.11.20"]
[Round "3"]
[White "Spinelli, Doriano"]
[Black "Soncin, Denis"]
[Result "0-1"]
[WhiteElo "2189"]
[BlackElo "2147"]
[PlyCount "76"]
[EventDate "2000.11.18"]
[EventType "swiss"]
[EventRounds "9"]
[EventCountry "ITA"]
[SourceTitle "CBM 079 Extra"]
[Source "ChessBase"]
[SourceDate "2001.01.11"]
[SourceVersion "2"]
[SourceVersionDate "2001.01.25"]
[SourceQuality "1"]

1. e4 c5 2. Nc3 Nc6 3. g3 Nf6 4. Bg2 g6 5. d3 Bg7 6. Be3 d6 7. h3 Rb8 8. Nge2 0-0 9. g4 b5 10. Ng3 b4 11. Nce2 Bb7 12. 0-0 Nd7 13. Qc1 e5 14. c3 Re8 15. Qd2 Nb6 16. f4 bxc3 17. bxc3 exf4 18. Nxf4 Ne5 19. Rab1 Ba6 20. c4 Bxc4 21. Ngh5 gxh5 22. Nxh5 Bxd3 23. Bg5 Qc7 24. Nxg7 Bxf1 25. Nxe8 Rxe8 26. Rxf1 Nbd7 27. Rd1 Re6 28. Rb1 c4 29. Qd5 Qc5+ 30. Kh1 Qxd5 31. exd5 Re8 32. Rb7 Rc8 33. Be4 Nc5 34. Bf5 Nxb7 35. Bxc8 Nc5 36. Kg2 c3 37. Bf5 Ncd3 38. Bxd3 Nxd3 0-1

[Event "Turin SVOLTA op"]
[Site "Turin"]
[Date "2000.06.03"]
[Round "7"]
[White "Ravagnani, Tiziano"]
[Black "Soncin, Denis"]
[Result "1-0"]
[WhiteElo "2014"]
[BlackElo "2143"]
[PlyCount "37"]
[EventDate "2000.05.06"]
[EventType "swiss"]
[EventRounds "8"]
[EventCountry "ITA"]
[SourceTitle "CBM 076 Extra"]
[Source "ChessBase"]
[SourceDate "2000.07.11"]
[SourceVersion "1"]
[SourceVersionDate "2000.07.11"]
[SourceQuality "1"]

1. e4 c5 2. Nf3 a6 3. c4 Nc6 4. d4 cxd4 5. Nxd4 e6 6. Nc3 Bb4 7. Be3 Qa5 8. Nxc6 Bxc3+ 9. bxc3 dxc6 10. Be2 Qxc3+ 11. Kf1 Qf6 12. Rb1 e5 13. Qd2 Qe7 14. Qa5 Nf6 15. Bc5 Qe6 16. Rd1 b6 17. Qxb6 Nd7 18. Qc7 Qh6 19. Bg4 1-0

[Event "Turin SVOLTA op"]
[Site "Turin"]
[Date "2000.06.01"]
[Round "5"]
[White "Spinelli, Doriano"]
[Black "Soncin, Denis"]
[Result "1/2-1/2"]
[WhiteElo "2189"]
[BlackElo "2143"]
[PlyCount "79"]
[EventDate "2000.05.06"]
[EventType "swiss"]
[EventRounds "8"]
[EventCountry "ITA"]
[SourceTitle "CBM 076 Extra"]
[Source "ChessBase"]
[SourceDate "2000.07.11"]
[SourceVersion "1"]
[SourceVersionDate "2000.07.11"]
[SourceQuality "1"]

1. e4 c5 2. d4 cxd4 3. c3 g6 4. cxd4 d5 5. exd5 Nf6 6. Bb5+ Bd7 7. Bc4 Qc7 8. Bb3 a5 9. Nc3 b5 10. a4 b4 11. Nce2 Na6 12. Nf3 Qb7 13. Nf4 Nc7 14. d6 exd6 15. 0-0 d5 16. Re1+ Be6 17. Ng5 Ra6 18. Qf3 Be7 19. Bc4 Rb6 20. Ngxe6 dxc4 21. Nxc7+ Qxc7 22. Nd5 Nxd5 23. Qxd5 0-0 24. Bh6 Rc8 25. Qxa5 Bf8 26. Bxf8 Kxf8 27. Qg5 c3 28. bxc3 bxc3 29. a5 Ra6 30. h4 Rca8 31. Qh6+ Kg8 32. Re5 c2 33. Rae1 Qc8 34. Qd2 Rxa5 35. Rxa5 Rxa5 36. Rc1 Ra2 37. d5 Rb2 38. d6 Rb1 39. d7 Qxd7 40. Qxc2 1/2-1/2